000 00559nam a2200193 a 4500
001 23057
003 CO-ViMGA
008 141112s2004 ck r 000 u spa d
020 _a9788435033206
040 _aCO-ViMGA
_bspa
_cCO-ViMGA
082 0 4 _a813.5 S154m
100 1 _aSalinger, J.D.
_933170
245 1 0 _aNueve Cuentos
260 _aEspaña :
_bEdhasa
300 _a286p.
505 _aUn dia perfecto para el pez platano, El hombre que rio, En el bote, Para esmè, Teddy, El periodo azul
650 1 4 _aCUENTOS ESTADOUNIDENSES
_92727
942 _2ddc
_cBK
999 _c31338
_d31338